[Event "Japan Open 2017"]
[Site "Tokyo"]
[Date "2017.11.05"]
[Round "6.7"]
[White "Kobayashi, Atsuhiko"]
[Black "Asaka, Samuel"]
[Result "1/2-1/2"]
[WhiteElo "2242"]
[BlackElo "1417"]
[PlyCount "127"]
[EventDate "2017.11.03"]

1. Nf3 d5 2. g3 Nf6 3. Bg2 e6 4. c4 Be7 5. O-O O-O 6. b3 c5 7. cxd5 Nxd5 8. Bb2
Nc6 9. e4 Ndb4 10. d4 cxd4 11. a3 Na6 12. b4 Nc7 13. Nxd4 Nxd4 14. Qxd4 Qxd4
15. Bxd4 Rd8 16. Bb2 b6 17. e5 Nd5 18. Nd2 Bb7 19. Nb3 a5 20. b5 Rac8 21. Rac1
a4 22. Nd4 Rc5 23. Rc2 Rdc8 24. Rfc1 Kf8 25. Be4 h6 26. h4 Ke8 27. Rxc5 bxc5
28. Ne2 c4 29. Rc2 Rc5 30. Bd4 Rxb5 31. Rxc4 Bxa3 32. Rxa4 Bb2 33. Bd3 Rb3 34.
Bc4 Bxd4 35. Bxb3 Bxe5 36. Ra7 Bc6 37. Ba4 Bxa4 38. Rxa4 Ke7 39. Ra7+ Kf6 40.
Kg2 h5 41. Kf3 Kg6 42. Ke4 Bb2 43. Ra5 Nc3+ 44. Nxc3 Bxc3 45. Rg5+ Kh6 46. Rc5
Be1 47. Ke3 Kg6 48. Ke2 Bb4 49. Rc6 Ba5 50. f3 Bd8 51. Kf2 Kf5 52. Kg2 Kg6 53.
Kh3 Kf5 54. Rc5+ Kg6 55. Rc8 Be7 56. Rc7 Bd6 57. Rd7 Be5 58. Rb7 Bd4 59. g4
hxg4+ 60. fxg4 f5 {(=)} 61. g5 e5 62. Rd7 Bf2 63. Rd2 Be1 64. Re2 1/2-1/2

[Event "Japan Open 2017"]
[Site "Tokyo"]
[Date "2017.11.05"]
[Round "6.8"]
[White "Aoshima, Mirai"]
[Black "Katsuta, Yuki"]
[Result "1-0"]
[WhiteElo "2400"]
[BlackElo "2043"]
[PlyCount "75"]
[EventDate "2017.11.03"]

1. d4 e6 2. c4 d5 3. Nf3 c6 4. e3 Bd6 5. Bd3 f5 6. O-O Nf6 7. b3 O-O 8. Ba3
Bxa3 9. Nxa3 b6 10. Nb1 Ne4 11. Ne5 Bb7 12. cxd5 cxd5 13. f3 Nf6 14. Nd2 Nc6
15. f4 Nb4 16. Be2 Rc8 17. Rf3 Rc3 18. Nb1 Rc7 19. Na3 Ne4 20. Nb5 Rc2 21. a3
Rd2 22. Qf1 Nc2 23. Rc1 a6 24. Bd3 axb5 25. Bxc2 Nc3 26. Qe1 Ne2+ 27. Kf1 Nxc1
28. Qxd2 Qc7 29. Qxc1 Rc8 30. Rf2 b4 31. axb4 Qc3 32. g4 fxg4 33. Kg2 Ba6 34.
f5 exf5 35. Bxf5 Qxc1 36. Be6+ Kh8 37. Nf7+ Kg8 38. Nd8+ 1-0

[Event "Japan Open 2017"]
[Site "Tokyo"]
[Date "2017.11.05"]
[Round "6.9"]
[White "Shiomi, Ryo"]
[Black "Osaka, Takuma"]
[Result "0-1"]
[WhiteElo "2188"]
[BlackElo "1966"]
[PlyCount "118"]
[EventDate "2017.11.03"]

1. e4 c5 2. d4 cxd4 3. c3 dxc3 4. Nxc3 Nc6 5. Nf3 d6 6. Bc4 a6 7. O-O Nf6 8.
Qe2 Bg4 9. Rd1 e6 10. Bf4 Qb8 11. h3 Bxf3 12. Qxf3 Be7 13. a3 Ne5 14. Bxe5 dxe5
15. g4 b5 16. Ba2 h6 17. Ne2 O-O 18. h4 Qb7 19. Ng3 Nd7 20. g5 hxg5 21. hxg5
Bxg5 22. Qg4 Bh6 23. Rd6 Nf6 24. Qh4 Rfd8 25. Rad1 Qe7 26. R6d3 Rxd3 27. Rxd3
Rd8 28. Rf3 Rd1+ 29. Kg2 Nd5 30. Qg4 Nf4+ 31. Rxf4 exf4 32. Qxd1 fxg3 33. fxg3
Qf6 34. Qc2 Qd4 35. Bb3 Qd2+ 36. Qxd2 Bxd2 37. a4 Bc1 38. axb5 axb5 39. Kf3
Bxb2 40. Ke3 Kf8 41. Kd3 Ke7 42. Bd1 f5 43. exf5 exf5 44. Kc2 Be5 45. Kb3 Bxg3
46. Kb4 Kd6 47. Kxb5 Kd5 48. Bf3+ Kd4 49. Kc6 g5 50. Kd7 Ke3 51. Bc6 Kf4 52.
Ke6 Kg4 53. Kf6 f4 54. Kg6 Bh4 55. Bd7+ Kg3 56. Kh5 f3 57. Bb5 f2 58. Bf1 Kh2
59. Kg4 Kg1 0-1

[Event "Japan Open 2017"]
[Site "Tokyo"]
[Date "2017.11.05"]
[Round "6.10"]
[White "Artag, Jargalsaikhan"]
[Black "Sano, Tomu"]
[Result "1/2-1/2"]
[WhiteElo "1900"]
[BlackElo "2186"]
[PlyCount "67"]
[EventDate "2017.11.03"]

1. d4 Nf6 2. c4 e6 3. Nc3 Bb4 4. Bg5 h6 5. Bxf6 Qxf6 6. Nf3 d5 7. Qa4+ Nc6 8.
Ne5 O-O 9. Nxc6 Bxc3+ 10. bxc3 Bd7 11. cxd5 exd5 12. Qb3 bxc6 13. e3 Rfb8 14.
Qc2 Qg5 15. f4 Qe7 16. Kf2 Rb6 17. Bd3 Rab8 18. Rab1 c5 19. Rhe1 g6 20. Rxb6
Rxb6 21. Rb1 c4 22. Rxb6 axb6 23. Bxg6 fxg6 24. Qxg6+ Qg7 25. Qxg7+ Kxg7 26.
Kf3 Bf5 27. g4 Be4+ 28. Kg3 Kg6 29. Kh4 c6 30. a3 b5 31. h3 Bg2 32. Kg3 Bf1 33.
Kh4 Bg2 34. Kg3 1/2-1/2